Fenwick Elliott Annual review 2017-2018 [ electronic resource] (Record no. 116047)
[ view plain ]
| 000 -LEADER | |
|---|---|
| fixed length control field | 01919cam a22002535a 4500 |
| 001 - CONTROL NUMBER | |
| control field | L159611 |
| 008 - FIXED-LENGTH DATA ELEMENTS--GENERAL INFORMATION | |
| fixed length control field | 101115s2017 xxk f 000 0 eng d |
| 035 ## - SYSTEM CONTROL NUMBER | |
| System control number | (Sirsi) u159611 |
| 041 0# - LANGUAGE CODE | |
| Language code of text/sound track or separate title | eng |
| 050 04 - LIBRARY OF CONGRESS CALL NUMBER | |
| Classification number | 692.8 $2 18 |
| 110 2# - MAIN ENTRY--CORPORATE NAME | |
| Corporate name or jurisdiction name as entry element | Fenwick Elliott |
| 9 (RLIN) | 5892 |
| 245 00 - TITLE STATEMENT | |
| Title | Fenwick Elliott Annual review 2017-2018 [ electronic resource] |
| 250 ## - EDITION STATEMENT | |
| Edition statement | 21st ed. |
| 260 ## - PUBLICATION, DISTRIBUTION, ETC. | |
| Place of publication, distribution, etc. | London |
| Name of publisher, distributor, etc. | Fenwick Elliott |
| Date of publication, distribution, etc. | [2017] |
| 300 ## - PHYSICAL DESCRIPTION | |
| Extent | 52p. |
| 520 ## - SUMMARY, ETC. | |
| Summary, etc. | Provides a summary of recent developments in the construction, engineering and energy. |
| 520 ## - SUMMARY, ETC. | |
| Summary, etc. | Reflects on how much still remains uncertain about Brexit and its implications for the UK construction industry. It looks at what constitutes an unreasonable failure to mediate and discusses product liability: asking whether there is a limit on the level of damages awarded in actions for wrongful death arising from defective products. In the adjudication update it focuses on payment notices and costs. It then looks at extensions of time, concurrency and the new edition of the SCL Delay & Disruption Protocol. It discusses site conditions, focusing on who takes the risk if it turns out to be unexpectedly adverse, and explains some of the changes to be found in the new editions of the FIDIC and NEC4 forms. The Review focuses on recent developments in arbitration in the UAE and it explains more about the first reported court case in the UK about BIM. It also discusses design obligations, addressing fitness for purpose and the MTH v E.ON case as well as considering the more literalist approach of the courts when it comes to interpreting contracts, even if this results in an unfair decision. |
| 590 ## - LOCAL NOTE (RLIN) | |
| Local note | KA |
| 651 #4 - SUBJECT ADDED ENTRY--GEOGRAPHIC NAME | |
| Geographic name | England and Wales |
| 690 ## - LOCAL SUBJECT ADDED ENTRY--TOPICAL TERM (OCLC, RLIN) | |
| Topical term or geographic name as entry element | BUILT ENVIRONMENT |
| 700 1# - ADDED ENTRY--PERSONAL NAME | |
| Personal name | Glover, Jeremy |
| Relator term | Editor |
| 856 48 - ELECTRONIC LOCATION AND ACCESS | |
| Uniform Resource Identifier | <a href="https://www.fenwickelliott.com/research-insight/annual-review/2017">https://www.fenwickelliott.com/research-insight/annual-review/2017</a> |
| Public note | View the review at www.fenwickelliott.com. |
| 942 ## - ADDED ENTRY ELEMENTS (KOHA) | |
| Suppress in OPAC | 0 |
| Source of classification or shelving scheme | Dewey Decimal Classification |
| Withdrawn status | Lost status | Source of classification or shelving scheme | Damaged status | Not for loan | Home library | Current library | Shelving location | Date acquired | Total Checkouts | Full call number | Barcode | Date last seen | Copy number | Price effective from | Koha item type |
|---|---|---|---|---|---|---|---|---|---|---|---|---|---|---|---|
| Dewey Decimal Classification | Virtual | Virtual | Online | 20/11/2017 | ONLINE PUBLICATION | 159611-2001 | 06/08/2019 | 1 | 06/08/2019 | Book |